[Event "41st Capablanca Memorial"]
[Site "Havana CUB"]
[Date "2006.11.21"]
[Round "1"]
[White "Dominguez Perez, Leinier"]
[Black "Miton, Kamil"]
[Result "1/2-1/2"]
[WhiteElo "2655"]
[BlackElo "2638"]
[EventDate "2006.11.21"]
[PlyCount "91"]

1.e4 e5 2.Nf3 Nc6 3.Bb5 a6 4.Ba4 Nf6 5.O-O Be7 6.Re1 b5 7.Bb3 O-O 8.h3 Bb7
9.d3 d6 10.a3 Nd7 11.Be3 Bf6 12.Bd5 Rb8 13.Nc3 Nd4 14.Bxb7 Nxf3+ 15.Qxf3 
Rxb7 16.b4 c6 17.a4 Qc8 18.axb5 axb5 19.Ra2 Rd8 20.Ne2 Nf8 21.Ng3 Ng6 22.
Nf5 Nh4 23.Nxh4 Bxh4 24.Rea1 Qe6 25.Ra7 Rxa7 26.Rxa7 Rc8 27.Qg4 Qxg4 28.
hxg4 Bd8 29.Rb7 Kf8 30.c4 bxc4 31.dxc4 Ke8 32.b5 cxb5 33.cxb5 Rc4 34.f3 
Rc2 35.Kf1 Rb2 36.b6 h6 37.Rb8 Kd7 38.Rb7+ Ke6 39.Rb8 Kd7 40.g3 g6 41.Rb7+
Ke6 42.Rb8 Kd7 43.Rb7+ Ke6 44.Bxh6 Rxb6 45.Rxb6 Bxb6 46.Bd2 1/2-1/2

[Event "41st Capablanca Memorial"]
[Site "Havana CUB"]
[Date "2006.11.21"]
[Round "1"]
[White "Ivanchuk, Vasyl"]
[Black "Bruzon Batista, Lazaro"]
[Result "1-0"]
[WhiteElo "2741"]
[BlackElo "2648"]
[EventDate "2006.11.21"]
[PlyCount "95"]

1.e4 e5 2.Nf3 Nc6 3.Bb5 a6 4.Ba4 Nf6 5.O-O Be7 6.Re1 b5 7.Bb3 d6 8.c3 O-O 
9.h3 Na5 10.Bc2 c5 11.d4 Qc7 12.Nbd2 cxd4 13.cxd4 Nc6 14.Nb3 a5 15.Be3 a4 
16.Nbd2 Bd7 17.Rc1 Rac8 18.Bd3 Qb8 19.Qe2 Nb4 20.Bb1 Rxc1 21.Rxc1 Re8 22.
b3 axb3 23.Nxb3 Rc8 24.Rxc8+ Bxc8 25.Bd2 Na6 26.Bd3 Bd7 27.dxe5 dxe5 28.
Bc3 Bd6 29.Qb2 Bc6 30.Bxe5 Nb4 31.Qd4 Bxe5 32.Nxe5 Be8 33.Bb1 Na6 34.Nf3 
Nd7 35.e5 Nf8 36.Qe3 Nc7 37.Nbd4 Nd5 38.Qb3 Ne7 39.Bd3 Neg6 40.Bxb5 Nxe5 
41.a4 Nxf3+ 42.Qxf3 g6 43.Qf6 h5 44.g3 Bd7 45.Kh2 Qa7 46.h4 Qa5 47.Bc4 Be8
48.Nc6 1-0

[Event "41st Capablanca Memorial"]
[Site "Havana CUB"]
[Date "2006.11.22"]
[Round "2"]
[White "Nogueiras Santiago, Jesus"]
[Black "Ivanchuk, Vasyl"]
[Result "0-1"]
[WhiteElo "2554"]
[BlackElo "2741"]
[EventDate "2006.11.21"]
[PlyCount "84"]

1.Nf3 Nf6 2.c4 e6 3.g3 d5 4.d4 a6 5.Bg2 dxc4 6.Ne5 Bb4+ 7.Nc3 Nd5 8.Bd2 b5
9.O-O Bxc3 10.bxc3 O-O 11.e4 Nb6 12.f4 Bb7 13.f5 exf5 14.Rxf5 N8d7 15.Ng4 
Qe7 16.Qc2 Rae8 17.Re1 f6 18.Rf4 Na4 19.Ne3 Qa3 20.Rb1 Ndb6 21.Rh4 Bc8 22.
e5 f5 23.Rf4 g6 24.h4 c5 25.h5 g5 26.Rxf5 Bxf5 27.Nxf5 Kh8 28.Nd6 cxd4 29.
Nxe8 d3 30.Qd1 Nxc3 31.Qg4 Rxe8 32.Qxg5 Qe7 33.Qxe7 Ne2+ 34.Kh2 Rxe7 35.
Bg5 Re8 36.Rf1 Nd7 37.Bc6 Rxe5 38.Bh4 Rxh5 39.Bxd7 c3 40.Bg4 Rxh4+ 41.gxh4
c2 42.Bxe2 d2 0-1

[Event "41st Capablanca Memorial"]
[Site "Havana CUB"]
[Date "2006.11.25"]
[Round "5"]
[White "Nogueiras Santiago, Jesus"]
[Black "Dominguez Perez, Leinier"]
[Result "1/2-1/2"]
[WhiteElo "2554"]
[BlackElo "2655"]
[EventDate "2006.11.21"]
[PlyCount "25"]

1.d4 d5 2.c4 c6 3.cxd5 cxd5 4.Bf4 Nc6 5.e3 Nf6 6.Nc3 Bf5 7.Nf3 e6 8.Qb3 
Bb4 9.Bb5 O-O 10.O-O Bxc3 11.Qxc3 Ne4 12.Qa3 Qb6 13.Bxc6 1/2-1/2

[Event "41st Capablanca Memorial"]
[Site "Havana CUB"]
[Date "2006.11.26"]
[Round "6"]
[White "Miton, Kamil"]
[Black "Dominguez Perez, Leinier"]
[Result "1/2-1/2"]
[WhiteElo "2638"]
[BlackElo "2655"]
[EventDate "2006.11.21"]
[PlyCount "33"]

1.d4 d5 2.c4 dxc4 3.Nf3 Nf6 4.e3 e6 5.Bxc4 a6 6.O-O c5 7.a4 Nc6 8.Nc3 Be7 
9.Qe2 cxd4 10.Rd1 e5 11.exd4 exd4 12.Nxd4 Nxd4 13.Qe5 Qd6 14.Qxd4 Qxd4 15.
Rxd4 Bc5 16.Rd1 O-O 17.Bg5 1/2-1/2

[Event "41st Capablanca Memorial"]
[Site "Havana CUB"]
[Date "2006.11.26"]
[Round "6"]
[White "Bruzon Batista, Lazaro"]
[Black "Ivanchuk, Vasyl"]
[Result "1/2-1/2"]
[WhiteElo "2648"]
[BlackElo "2741"]
[EventDate "2006.11.21"]
[PlyCount "39"]

1.e4 c5 2.Nf3 d6 3.d4 cxd4 4.Nxd4 Nf6 5.Nc3 a6 6.g3 e6 7.Bg2 Bd7 8.O-O Nc6
9.Nxc6 Bxc6 10.a4 Be7 11.Be3 O-O 12.a5 Nd7 13.Re1 Rc8 14.Na4 f5 15.Nb6 
Nxb6 16.Bxb6 Qd7 17.Qd3 fxe4 18.Bxe4 Bxe4 19.Qxe4 Bd8 20.Bxd8 1/2-1/2

[Event "41st Capablanca Memorial"]
[Site "Havana CUB"]
[Date "2006.11.27"]
[Round "7"]
[White "Bruzon Batista, Lazaro"]
[Black "Miton, Kamil"]
[Result "1/2-1/2"]
[WhiteElo "2648"]
[BlackElo "2638"]
[EventDate "2006.11.21"]
[PlyCount "87"]

1.Nf3 d5 2.d4 Nf6 3.c4 c6 4.cxd5 cxd5 5.Nc3 Nc6 6.Bf4 e6 7.e3 Nh5 8.Bg5 
Qb6 9.Rb1 h6 10.Bh4 g5 11.Ne5 Nxe5 12.dxe5 Bd7 13.Qxh5 gxh4 14.Be2 Rg8 15.
O-O Rg5 16.Qxh4 Rxe5 17.Rfc1 Bg7 18.Bd3 Rc8 19.Bb5 Bxb5 20.Nxb5 Rc4 21.
Rxc4 dxc4 22.Nc3 Qc6 23.Rd1 Rg5 24.e4 Qb6 25.Qf4 Be5 26.Qd2 Kf8 27.g3 Rg6 
28.Kg2 Qc6 29.Qe3 Kg7 30.f4 Bc7 31.Qf3 Ba5 32.e5 Qb6 33.Qe2 Bxc3 34.bxc3 
Qc6+ 35.Qf3 Qb5 36.Kh3 h5 37.Rd8 Qb1 38.Qd1 Qf5+ 39.Kg2 Qxf4 40.Qxh5 Qe4+ 
41.Kg1 Qe1+ 42.Kg2 Qe4+ 43.Kg1 Qe1+ 44.Kg2 1/2-1/2

[Event "41st Capablanca Memorial"]
[Site "Havana CUB"]
[Date "2006.11.27"]
[Round "7"]
[White "Ivanchuk, Vasyl"]
[Black "Nogueiras Santiago, Jesus"]
[Result "1-0"]
[WhiteElo "2741"]
[BlackElo "2554"]
[EventDate "2006.11.21"]
[PlyCount "105"]

1.d4 d5 2.c4 c6 3.Nf3 Nf6 4.Nc3 dxc4 5.e4 b5 6.e5 Nd5 7.a4 h6 8.axb5 Nxc3 
9.bxc3 cxb5 10.Ba3 e6 11.Bxf8 Kxf8 12.Qb1 a6 13.Nd2 Nd7 14.Be2 Bb7 15.Nxc4
Bxg2 16.Rg1 bxc4 17.Rxg2 Nb6 18.Qb4+ Kg8 19.Rg3 Nd5 20.Qb7 Rb8 21.Qxa6 Nf4
22.Bxc4 g5 23.Qc6 Rc8 24.Qe4 Nh5 25.Rf3 Nf4 26.Bf1 Kg7 27.h4 Ra8 28.Rc1 
Ra3 29.Rg3 Ng6 30.hxg5 hxg5 31.Qg4 Rh1 32.Qxg5 Qxg5 33.Rxg5 Ra2 34.Rg3 Kf8
35.Rb1 Ke8 36.Rh3 Rg1 37.Rd3 Nh4 38.Rg3 Rh1 39.Rg8+ Kd7 40.Rb7+ Kc6 41.
Rxf7 Ra1+ 42.Ke2 Rhxf1 43.Kd3 Rfd1+ 44.Kc4 Ra4+ 45.Kb3 Rda1 46.f3 Nf5 47.
Rc8+ Kb6 48.Re8 R4a3+ 49.Kc4 Ra4+ 50.Kd3 Kc6 51.Rxe6+ Kd5 52.Rb6 Rd1+ 53.
Ke2 1-0

[Event "41st Capablanca Memorial"]
[Site "Havana CUB"]
[Date "2006.11.27"]
[Round "7"]
[White "Bareev, Evgeny"]
[Black "Dominguez Perez, Leinier"]
[Result "1-0"]
[WhiteElo "2683"]
[BlackElo "2655"]
[EventDate "2006.11.21"]
[PlyCount "115"]

1.d4 d5 2.c4 dxc4 3.Nf3 Nf6 4.e3 e6 5.Bxc4 a6 6.O-O c5 7.dxc5 Bxc5 8.Qxd8+
Kxd8 9.Be2 Ke7 10.Nbd2 Bd7 11.a3 Bb5 12.Bxb5 axb5 13.Nb3 Bd6 14.Nfd4 b4 
15.Nb5 bxa3 16.bxa3 Nc6 17.Nxd6 Kxd6 18.Rb1 Kc7 19.Bb2 Rhd8 20.Rfc1 Rd5 
21.Bxf6 gxf6 22.Nc5 Ra7 23.Ne4 Rd3 24.Nxf6 Raxa3 25.Nxh7 Ra2 26.Ng5 Rdd2 
27.Ne4 Rdc2 28.Rxc2 Rxc2 29.h4 Ne5 30.Nf6 Nd3 31.f3 Ra2 32.Rd1 Nc5 33.Ne8+
Kc6 34.Rd6+ Kb5 35.h5 Kc4 36.Nc7 Nd3 37.Rd4+ Kc3 38.h6 Ra5 39.Rh4 Ne5 40.
Rf4 Ra1+ 41.Kh2 Rd1 42.Nb5+ Kb2 43.Rb4+ Kc1 44.Nd4 Kd2 45.Rb3 Rc1 46.g4 
Ng6 47.f4 Rc3 48.Nf3+ Kc2 49.Rxb7 Rxe3 50.Kg3 e5 51.f5 e4 52.fxg6 Rxf3+ 
53.Kh4 fxg6 54.Re7 Kd3 55.h7 Rf1 56.Kg5 Rh1 57.Kxg6 e3 58.Kg7 1-0

[Event "41st Capablanca Memorial"]
[Site "Havana CUB"]
[Date "2006.11.28"]
[Round "8"]
[White "Miton, Kamil"]
[Black "Bareev, Evgeny"]
[Result "0-1"]
[WhiteElo "2638"]
[BlackElo "2683"]
[EventDate "2006.11.21"]
[PlyCount "120"]

1.d4 d5 2.c4 c6 3.Nc3 Nf6 4.e3 a6 5.Bd3 dxc4 6.Bxc4 b5 7.Be2 Bb7 8.Nf3 e6 
9.e4 c5 10.e5 Nd5 11.Bg5 Qc7 12.O-O h6 13.Nxd5 Bxd5 14.Be3 c4 15.b3 cxb3 
16.axb3 Bb4 17.Bd3 O-O 18.Bb1 Rc8 19.Qd3 g6 20.Bd2 Bxd2 21.Nxd2 Nc6 22.Qe3
Qa7 23.Qxh6 Qxd4 24.Bxg6 fxg6 25.Qxg6+ Kf8 26.Nf3 Bxf3 27.Qf6+ Ke8 28.
Qxe6+ Ne7 29.gxf3 Rc6 30.Qh3 Qf4 31.e6 Qf6 32.Rae1 Rc3 33.Re4 Rxf3 34.Qg2 
Rd8 35.Rg4 Rf4 36.Rg3 Qxe6 37.Re3 Qg4 38.Rg3 Qf5 39.Re1 Kf8 40.Qb7 Qc5 41.
Rg2 Qb4 42.Rc1 Qxb3 43.Rf1 Qe6 44.Qc7 Qd6 45.Qc3 Qf6 46.Qc5 Rf5 47.Qe3 
Rdd5 48.Rc1 Qd6 49.Qe2 Qf4 50.Qb2 Qe5 51.Qa3 Qd6 52.Qa1 Rd4 53.Re1 Rfd5 
54.Qc3 b4 55.Qh3 Qf6 56.Qb3 a5 57.Rg3 Nf5 58.Qa4 Re5 59.Rxe5 Qxe5 60.Rf3 
Qd5 0-1

[Event "41st Capablanca Memorial"]
[Site "Havana CUB"]
[Date "2006.11.28"]
[Round "8"]
[White "Nogueiras Santiago, Jesus"]
[Black "Bruzon Batista, Lazaro"]
[Result "1/2-1/2"]
[WhiteElo "2554"]
[BlackElo "2648"]
[EventDate "2006.11.21"]
[PlyCount "31"]

1.d4 Nf6 2.Nf3 e6 3.c4 b6 4.g3 Bb7 5.Bg2 Be7 6.O-O O-O 7.Nc3 Ne4 8.Nxe4 
Bxe4 9.Ne1 Bxg2 10.Nxg2 d5 11.Qa4 dxc4 12.Qxc4 c5 13.dxc5 Bxc5 14.Be3 Nd7 
15.Bxc5 Nxc5 16.Rfd1 1/2-1/2

[Event "41st Capablanca Memorial"]
[Site "Havana CUB"]
[Date "2006.11.29"]
[Round "9"]
[White "Nogueiras Santiago, Jesus"]
[Black "Miton, Kamil"]
[Result "1/2-1/2"]
[WhiteElo "2554"]
[BlackElo "2638"]
[EventDate "2006.11.21"]
[PlyCount "24"]

1.d4 Nf6 2.Nf3 d5 3.c4 e6 4.g3 Bb4+ 5.Bd2 Be7 6.Bg2 O-O 7.O-O c6 8.Qc2 
Nbd7 9.Rd1 b6 10.Nc3 Bb7 11.b3 Rc8 12.e4 dxe4 1/2-1/2

[Event "41st Capablanca Memorial"]
[Site "Havana CUB"]
[Date "2006.11.29"]
[Round "9"]
[White "Bruzon Batista, Lazaro"]
[Black "Dominguez Perez, Leinier"]
[Result "1/2-1/2"]
[WhiteElo "2648"]
[BlackElo "2655"]
[EventDate "2006.11.21"]
[PlyCount "43"]

1.d4 d5 2.c4 dxc4 3.Nf3 Nf6 4.e3 e6 5.Bxc4 a6 6.O-O c5 7.b3 cxd4 8.Nxd4 
Bd7 9.Bb2 Nc6 10.Nf3 Be7 11.Nbd2 O-O 12.a3 Rc8 13.Qe2 Nd5 14.e4 Nf4 15.Qe3
Ng6 16.Rac1 Qc7 17.g3 b5 18.Bd3 Qa7 19.Qe2 e5 20.Rc2 Bd6 21.Rfc1 Nce7 22.
Nf1 1/2-1/2

[Event "41st Capablanca Memorial"]
[Site "Havana CUB"]
[Date "2006.11.29"]
[Round "9"]
[White "Ivanchuk, Vasyl"]
[Black "Bareev, Evgeny"]
[Result "1/2-1/2"]
[WhiteElo "2741"]
[BlackElo "2683"]
[EventDate "2006.11.21"]
[PlyCount "26"]

1.e4 e6 2.d4 d5 3.Nd2 dxe4 4.Nxe4 Nd7 5.Nf3 Ngf6 6.Nxf6+ Nxf6 7.c3 c5 8.
Be3 Qc7 9.Ne5 a6 10.Qa4+ Bd7 11.Nxd7 Nxd7 12.dxc5 Bxc5 13.Bxc5 Qxc5 
1/2-1/2

[Event "41st Capablanca Memorial"]
[Site "Havana CUB"]
[Date "2006.11.30"]
[Round "10"]
[White "Miton, Kamil"]
[Black "Ivanchuk, Vasyl"]
[Result "1/2-1/2"]
[WhiteElo "2638"]
[BlackElo "2741"]
[EventDate "2006.11.21"]
[PlyCount "33"]

1.d4 d5 2.c4 c6 3.e3 Nf6 4.Nc3 a6 5.Nf3 b5 6.b3 Bg4 7.Be2 Nbd7 8.O-O e6 9.
h3 Bf5 10.Bb2 Bd6 11.Bd3 Bxd3 12.Qxd3 O-O 13.Rac1 Re8 14.cxd5 cxd5 15.Rc2 
Qb6 16.Rfc1 Qb7 17.Ne2 1/2-1/2

[Event "41st Capablanca Memorial"]
[Site "Havana CUB"]
[Date "2006.11.30"]
[Round "10"]
[White "Dominguez Perez, Leinier"]
[Black "Nogueiras Santiago, Jesus"]
[Result "1/2-1/2"]
[WhiteElo "2655"]
[BlackElo "2554"]
[EventDate "2006.11.21"]
[PlyCount "25"]

1.e4 e6 2.d4 d5 3.Nc3 Nf6 4.e5 Nfd7 5.f4 c5 6.Nf3 Nc6 7.Be3 Be7 8.dxc5 O-O
9.Be2 Bxc5 10.Qd2 Bxe3 11.Qxe3 f6 12.exf6 Nxf6 13.Nd4 1/2-1/2